00553nam a22002177a 4500003000500000005001700005008004100022010001000063011001000073035001000083040000900093082001600102100002900118245002400147260002900171300002000200490003100220650002500251650002800276830003100304CHAP20220817042822.0971013s1965 r 00010 d a56649 a57621 a61776 cCHAP a591.1bS24Y00aSchmidt - Nielsen, Knut. aFisiología animal aMéxico :bUTEHA,c1965 a201 p.b: ilus. aManuales UTHEAv; 249/249a14aFisiología animal.14aFisiología comparada.0 aManuales UTHEAv; 249/249a